000 01057nas a2200349 4500
001 BR2015006727
003 BR-BrBNA
005 20231205130104.0
007 ta
008 230509b bl.|||p| |||| 00| 00por d
040 _aBR-BrBNA
_bpor
_cBiblioteca Nacional de Agricultura
041 _a(Pt)
072 _aH10
100 1 _aConstanski, K.C.
100 1 _aZorzetti, J.
100 1 _aVilas Boas, G.T.
100 1 _aRicieto, A.P.S.
100 1 _aFazion, F.A.P.
100 1 _aVilas Boas, L.
100 1 _aMonnerat, R.G.
100 1 _aNeves, P.M.O.J.
245 1 _aSeleção e caracterização molecular de isolados de Bacillus thuringiensis para o controle de Spodoptera spp.
650 _aMILHO
650 _aPRAGA DE PLANTA
650 _aSPODOPTERA FRUGIPERDA
650 _aLAGARTA
650 _aBACILO
650 _aCONTROLE BIOLÓGICO
773 0 _tPesquisa Agropecuária Brasileira (Brazil)
_xISSN 0100-204X
_g(Aug 2015), v. 50(8) p. 730-734
_wBR2015006727
909 _a202311
_bLúcia
_c55
_dLúcia Elande
942 _2AGRIS
_n0
_cANA
999 _c247836
_d247836